000 01177nam0a22002771 4500
001 v19\rc\1550661
005 20250618184011.0
035 _a(NLR Aleph) 004665975
090 _a3613774
_c3613774
100 _a20060620d1912 |||y0rusy50 ca
101 0 _arus
102 _aRU
105 _ay j |||||
200 1 _aПриготовительный курс русской грамматики
_eУчебник для приготовит. класса при гимназиях и прогимназиях М-ва нар. прос. и вообще для начинающих
_fП. Смирновский
205 _a11-е изд., печ. без перемен с 6-го изд. ...
210 _aМосква
_cтипо-лит. т-ва В. Чичерин в Москве
_d1912
215 _aVI, 64 с.
_d23
532 1 3 _aПриготовительный курс русской грамматики
700 1 _aСмирновский
_bП.В.
_f1846-1904
_gПетр Владимирович
801 0 _aRU
_bNLR
_gpsbo
801 0 _aRU
_bRuMoRGB
_2psbo
801 1 _aRU
_bProSoft-M
_2rusmarc
852 _aNLR
_j37.43.4.97
942 _cBOOK
980 _aNB